Normal view MARC view
  • Altea,

Entry Nombre Personal

Number of records used in: 3

001 - NUMERO DE CONTROL

  • campo de control: 30702

003 - IDENTIFICADOR DE NUMERO DE CONTROL

  • campo de control: MX-MXUPN

005 - FECHA Y HORA DE LA ÜLTIMA TRANSACCIÓN

  • campo de control: 20240614101301.0

008 - DATOS DE LONGITUD FIJA

  • campo de control de longitud fija: 240614nn|acannaabn | aaa |d

010 ## - NÚMERO DE CONTROL DE LA BIBLIOTECA DEL CONGRESO

  • Número de control LC: n 85277899

035 ## - NUMERO DE CONTROL

  • Número de control: UPN11000002808

035 ## - NUMERO DE CONTROL

  • Número de control: (DLC)n 85277899

040 ## - FUENTE DE CATALOGACIÓN

  • Lenguaje de catalogación: spa
  • Agencia de transcripción: DLC
  • Agencia original de catalogación: DLC
  • Agencia que lo modifica: DLC
  • Agencia que lo modifica: MX-MXUPN

100 0# - ENCABEZAMIENTO - NOMBRE PERSONAL

  • Nombre personal: Altea,
  • Títulos u otras palabras asociadas al nombre: conde de,
  • Fechas asociadas con el nombre: 1901-

670 ## - FUENTE EN LA QUE SE LOCALIZARON DATOS

  • Cita de la fuente: Autoridades LC, 14 junio 2024 :
  • Información localizada: (Altea, conde de, 1901-)
  • Uniform Resource Identifier: https://lccn.loc.gov/n85277899

902 ## - CATALOGADOR

  • Catalogador: CAA/ 250111
  • Catalogador: MaríaRobles/140624